2014 FIFA FIFPro World XI - Statistics

General Stats
  • This quiz has been taken 64 times
  • The average score is 9 of 11
Answer Stats
Pos. Club Player % Correct
FW Real Madrid Cristiano Ronaldo
98%
FW Barcelona Lionel Messi
98%
GK Bayern Munich Manuel Neuer
98%
DEF Real Madrid Sergio Ramos
96%
DEF Bayern Munich Philipp Lahm
89%
MF Barcelona Andres Iniesta
87%
MF Bayern Munich/Real Madrid Toni Kroos
83%
MF Real Madrid/Manchester United Angel di Maria
74%
DEF Paris Saint-Germain Thiago Silva
72%
DEF Chelsea/Paris Saint-Germain David Luiz
70%
FW Bayern Munich Arjen Robben
30%
No matching quizzes found
Score Distribution
Percent of People with Each Score
Percentile by Number Answered
Your Score History
You have not taken this quiz